000 00418nam a22001697a 4500
003 MPLRDC
005 20220104144339.0
008 210129b ||||| |||| 00| 0 eng d
082 _a857.63 GYD v.4 c.2
100 _a郭衣洞
245 _a挣扎
_c
260 _a
_b天风图书公司
_c
300 _b
490 _a郭衣洞小说全集. 4
650 _a短篇小说--别集
942 _cBK
_o857.63 GYD v.4 c.2
999 _c48734
_d48724